LEADER 01368nam a2200289 i 4500 001 000000177073 003 CaOOAMICUS 005 20090123000000.0 008 090123s1982 it u000 u fre u 013 $a154576 020 $a2-204-01817-1 040 $aSeMil$bita 100 1 $aEnomiya-Lassalle, Hugo Makibi .$0(OLS)http://semarc/name/26221 245 13$aLa méditation comme voie vers l'expérience de Dieu :$bintroduction à la prière mystique /$cH.-M. Enomiya-Lassalle ; traduit de l'allemand par F.-D. Boespflug. 260 $aParis :$bLes Éditions du Cerf,$c1982. 300 $a115 p. ;$c20 cm. 490 0 $aEssais. Sagesse du corps 500 $aDono di don Romano Martinelli. 650 4$aPreghiera - Meditazione.$0(OLS)http://semarc/subject/1363 700 1 $aBoespflug, F.-D.$0(OLS)http://semarc/name/65892 830 0$aEssais. Sagesse du corps.$0(OLS)http://semarc/title/27052 850 $aSeMil 852 $aSeMil$W1$xVenegono$y1$m2C II 576$j127887$B127887$CSeMilBibl$Z2$F138788 $81 961 $aOmaggio: Martinelli don Romano 996 $6020$a2-204-01817-1$9(OLS)http://semarc/number/165806 996 $6245$aLa méditation comme voie vers l'expérience de Dieu :$bintroduction à la prière mystique$9(OLS)http://semarc/title/254284 996 $6260$aParis :$bLes Éditions du Cerf$9(OLS)http://semarc/publisher/29611 LEADER 01654nam a2200301 i 4500 001 000000113706 003 CaOOAMICUS 005 20250403104705.0 008 150928s2003 be u000 u lat u 013 $a86392 020 $a2-503-64942-4 040 $aSeMil$bita 100 0 $aPetrus : Blesensis,$d.$0(OLS)http://semarc/name/29988 245 10$aPetrus Blesensis : Tractatus duo :$bPassio Raginaldi principis Antiochie, Conquestio de dilatione vie Ierosolimitane /$ccurante CTLO, Centre traditio litterarum occidentalium. 260 $aTurnhout :$bBrepols,$c2003. 300 $a32 p. ;$c25 cm + 2 microfiches. 490 0 $aCorpus Christianorum. Instrumenta lexicologica latina. Ser. A, Formae ;$vFasc.139 500 $aSpoglio lessicale 710 2 $aCentre traditio litterarum Occidentalium.$0(OLS)http://semarc/name/59 772 0 $aPetrus : Blesensis $tPetri Blesensis Tractatus duo.$dTurnhout : Brepols, 2002.$kCorpus Christianorum. Continuatio Mediaevalis$z2-503-04941-9$w()58776 830 0$aCorpus Christianorum. Instrumenta lexicologica latina. Ser. A, Formae ;$v139.$0(OLS)http://semarc/title/82 850 $aSeMil 852 $aSeMil$W1$xVenegono$y1$mSL2.G CC.CM.ILL 139$j255707$B69366$CSeMilBibl$Z2$F74754 $8I 961 $aSottoscrizione: Brepols 996 $6020$a2-503-64942-4$9(OLS)http://semarc/number/96775 996 $6245$aPetrus Blesensis : Tractatus duo :$bPassio Raginaldi principis Antiochie, Conquestio de dilatione vie Ierosolimitane$9(OLS)http://semarc/title/166068 996 $6260$aTurnhout :$bBrepols$9(OLS)http://semarc/publisher/29626